00453 a2200133 4500001001000000005001700010008004100027245008700068100001600155700001900171700002000190773009200210999001700302ART_4507920260410162038.0260409a 10aRelocalización, diversificación, reestructuración, reconversión productiva1 aRosa, Paula1 aLaurelli, Elsa1 aGarcía, Ariel0 tRevista de estudios regionales y mercado de trabajog- Nº 5 (ene./dic. 2009)wREV44894 c34649d34649